000 01137njm a22002657a 4500
005 20100910122721.0
006 a|||||r|||||00| 0
007 sd ammalaaahaa
008 100910t xxu||||| |||| 00| 0 hin d
028 _aN. 55674
_bHis Master's Voice
035 _aGR-01769
040 _aSED/VEN
100 _91184
_aMangeshkar, Lata
245 _aBaharon ki manzil part. 1 /
_cby Lata Mangeshkar ; music Laxmikant Pyarelal ; lyric Majrooh
246 _aबहारों की मंजिल (लता मंगेशकर)
260 _aDum Dum, India
_bHis Master's Voice
_cn. d.
300 _a1 sound disc : [Gramophone Record]
_banalog, 33 1/3 rpm
_c10 in (LP)
_fGramophone Records
500 _aBrief record.
505 _aNigahe kyon bhtakti haen, Aaja re piya (निगाहें क्यों भटकती हैं) (आजा रे पिया) पार्ट. 2
650 _2Classical music
_xExcerpts
_zIndia
_919370
700 _919371
_aLaxmikant Pyarelal
700 _919372
_aMajrooh
942 _2ddc
_cGR
999 _c45137
_d45137